| 000 | 00683nas a2200241 4500 | ||
|---|---|---|---|
| 001 | BR2013010095 | ||
| 003 | BR-BrBNA | ||
| 005 | 20231205123447.0 | ||
| 007 | ta | ||
| 008 | 230509b bl.|||p| |||| 00| 00por d | ||
| 040 |
_aBR-BrBNA _bpor _cBiblioteca Nacional de Agricultura |
||
| 041 | _a(Pt) | ||
| 072 | _aE71; E70 | ||
| 100 | 1 | _aNeiva, R. | |
| 245 | 1 | _aExportações significam boa estratégia | |
| 650 | _aLEITE | ||
| 650 | _aEXPORTAÇÃO | ||
| 650 | _aSEGURANÇA ALIMENTAR | ||
| 650 | _aMERCADO INTERNACIONAL | ||
| 773 | 0 |
_tBalde Branco (Brazil) _xISSN _g(Aug 2003), v. 39(466) p. 70 _wBR2013010095 |
|
| 909 |
_a202311 _bLúcia _c55 _dLúcia Elande |
||
| 942 |
_2AGRIS _n0 _cANA |
||
| 999 |
_c233994 _d233994 |
||